Zošity nám vyrobia v zahraničí: tam zostanú aj zisky Slavošovské papierne zo zviazanými rukami

Podrobná bibliografia
Hlavný autor: Potančok, Miro (Autor)
Médium: Článok
Jazyk:slovenčina
Fyzický popis:Fotogr. 1
Predmet:

MARC

LEADER 00000nab a2200000 a 4500
001 vtls000526147
003 SK-MaSNL
005 20260305005816.0
008 120928c1994 xo 0 slo
015 |a SNBRB19rr/mm-uuuuu 
035 |a CL0526285 
040 |a SNKBUCL  |b slo  |c SNKBUCL  |e AACR2 
041 0 |a slo 
044 |a xo  |c SK 
080 |a 676.23:061.5(437.6)  |2 1981 
100 1 |a Potančok, Miro  |4 aut  |9 841272 
245 1 0 |a Zošity nám vyrobia v zahraničí: tam zostanú aj zisky  |b Slavošovské papierne zo zviazanými rukami  |c Miro Potančok 
300 |b Fotogr. 1 
610 2 7 |a Slavošovské papierne (Slavošovce, Slovensko)  |2 snkbucl  |9 58596 
651 7 |a 5408  |2 snkbucl  |9 279318 
655 7 |a články z novín a časopisov  |2 snkbucl  |9 267496 
773 0 |t Slovenský profit  |g Roč. 2, č. 34 (1994), s. 3 
850 |a Slovenská národná knižnica v Martine  |a MTA001 
852 |a SNK  |b KIS3GCP 
958 |a RK 
992 |a RBX 
999 |c 3242775  |d 3244705